000 00477nam a22001817a 4500
005 20240725112000.0
008 240725b |||||||| |||| 00| 0 eng d
020 _a978-1-285-73835-2
082 _a338.5
_bARN-M
100 _aArnold, Roger.A
245 _aMicroeconomics/
_cRoger A. Arnold
250 _a12th ed.
260 _aUSA;
_bCengage Learning;
_c2016
300 _axxx, 588 p.:
_bill;
_c25.2 cm.
500 _aInclude index.
650 _aEconomics/
999 _c36216
_d36216